Loading...

സ്വന്തം നാട് പോ(ള)യ നാട് /

Bibliographic Details
Main Author: പുലിന്ദരാജ
Other Authors: Pulindharaja
Format: Printed Book
Language:English
Published: കോഴിക്കോട് : ലിപി പബ്ലിക്കേഷന്‍സ്, 2007.
Subjects:
LEADER 00728nam a22001817a 4500
008 140421b xxu||||| |||| 00| 0 eng d
999 |c 6114  |d 6114 
020 |a 9798188011765 
082 |a 894.11   |b PUL 
100 |9 10  |a പുലിന്ദരാജ 
240 |a Swantham nadu po(la)ya nadu 
245 |a സ്വന്തം നാട് പോ(ള)യ നാട് / 
260 |a കോഴിക്കോട് :  |b ലിപി പബ്ലിക്കേഷന്‍സ്,  |c 2007. 
300 |a 72p. 
650 |a Poems 
700 |a Pulindharaja 
942 |2 ddc  |c BK 
952 |0 0  |1 0  |2 ddc  |4 0  |6 894_110000000000000_PUL  |7 0  |9 8796  |a MAIN  |b MAIN  |d 2014-04-21  |e Lipi Publications (Kozhikode)  |g 45.00  |o 894.11 PUL  |p 9411  |r 2014-04-21  |t 1  |w 2014-04-21  |y BK